| 000 | 00617nam a2200217 i 4500 | ||
|---|---|---|---|
| 001 | 77756 | ||
| 003 | ES-MaACL | ||
| 005 | 20240531062941.0 | ||
| 007 | t| | ||
| 008 | 041108s1976 sp ||||1| spa d | ||
| 020 | _a84-344-2487-8 | ||
| 080 | _a946.0"1936/39" | ||
| 100 | 1 |
_aRomero Pérez, Luis, _d1916-2009 _999338 |
|
| 245 | 1 | 3 |
_aEl final de la guerra / _cLuis Romero. |
| 250 | _a1ª ed. | ||
| 260 |
_aBarcelona, etc., _c1976. |
||
| 300 |
_a470 p. ; _c23 cm. |
||
| 651 | 4 |
_aEspaña- _xHistoria- _y1936-1939, Guerra civil. _98292 |
|
| 852 |
_aES-MaACL _jE-10242 _bR.130860 |
||
| 999 |
_c77756 _d77756 |
||